00297nam a2200109Ia 4500008004100000041000800041082000800049100001500057245007800072260002400150300001300174231106s2010 xx 000 0 und d aeng a108 aSURESH RAY aLESSONS IN CLASSICAL DRAWING: ESSENTIAL TECHNIQUE FROM INSIDE THE ATELIER bCBS PUBLISHERc2010 aP-250.00